Geographical Extremities - Statistics

General Stats
  • This quiz has been taken 29 times
  • The average score is 5 of 8
Answer Stats
Hint Answer % Correct
Northernmost northernmost point Denmark | Canada
100%
Southernmost southernmost point United Kingdom | Chile
89%
Southernmost northernmost point Uruguay | New Zealand
78%
Northernmost southernmost point Iceland | Finland
63%
Easternmost easternmost point Tuvalu | Marshall Islands
52%
Easternmost westernmost point Fiji | Tuvalu
37%
Westernmost westernmost point Tonga | Samoa
37%
Westernmost easternmost point Fiji | New Zealand
30%
No matching quizzes found
Score Distribution
Percent of People with Each Score
Percentile by Number Answered
Your Score History
You have not taken this quiz